| 000 | 00570nam a22001577a 4500 | ||
|---|---|---|---|
| 003 | NUST | ||
| 082 | _a629.8 | ||
| 100 |
_a Arif ,Aayesha _9122477 |
||
| 245 |
_aA Novel Deep Learning Pipeline for Automated Fluorescence in situ Hybridization Analysis / _cAayesha Arif |
||
| 264 |
_aIslamabad: _bSMME- NUST. _c2021. |
||
| 300 |
_a54p. ; _b Soft Copy, _c30cm. |
||
| 650 |
_aMS Robotics and Intelligent Machine Engineering _9119486 |
||
| 700 |
_aSupervisor : Dr. Hasan Sajid _9121640 |
||
| 856 | _uhttp://10.250.8.41:8080/xmlui/handle/123456789/28569 | ||
| 942 |
_2ddc _cTHE |
||
| 999 |
_c608957 _d608957 |
||